000 00928nam a2200289 i 4500
001 000042321
003 DO-SdBNP
005 20251016105049.0
007 ta
008 131125s2000 dr 000 0 spa d
040 _aDO-SdBNP
_bspa
_cBNPHU
_erda
041 _aspa
082 _axxx
_bR426o
_222
110 1 _aRepública Dominicana.
_bSecretaria de Estado de Educación y Cultura
245 0 0 _aOrientacion y psicología /.
264 _aSanto Domingo :
_bSecretaría de Estado de Educación y Cultura,
_c2000.
300 _a54 páginas ;
_c23 cm.
336 _ardacontent
_btexto
_2txt
337 _ardamedia
_bsin mediación
_2n
338 _ardacarrier
_bvolumen
_2nc
490 1 _aGestión educativa
_v14
590 _aInventariado, 2025/DG
710 _aSecretaría de Estado de Educación y Cultura, (República Dominicana)
_955093
830 0 _aGestión educativa
_v14
_919751
910 _aDG
942 _2ddc
_cLBS1
999 _c41810
_d41810